00377nam a2200157Ia 45000010006000000050017000060080041000230410008000640820015000721000032000872450047001192600009001663000028001756500008002036540008002111883820260306171700.0260306s9999||||xx |||||||||||||| ||und|| aESP a658.5bR73 aRodrigo Illera, CarloseAUT 0aDirección y gestión de la producción c2011 a533 páginas :c25 cm. aGEN aCAN